000 00912nam0a22002531 4500
001 rc\563010
005 20250621132717.0
035 _a(NLR Aleph) 005798001
090 _a5266635
_c5266635
100 _a20030616d1987 |||y0rusy50 ca
101 0 _arus
102 _aRU
105 _ay |||||||||
200 1 _aПовышение экономической эффективности транспорта
_e(На прим. районов Сибири, зоны БАМ)
_fА.Л. Коцарь, к. э. н.
210 _aМ.
_cЗнание
_d1987
215 _a64 с.
_d20
225 1 _aНовое в жизни, науке, технике
_iСерия "Транспорт"
_v№ 3
320 _aБиблиогр.: с. 63-64
700 1 _aКоцарь
_bА.Л.
_gАнатолий Леонидович
801 0 _aRU
_bNLR
_gpsbo
801 1 _aRU
_bELAR
_2rusmarc
852 _aNLR
_j87-4/4640
942 _cBOOK
980 _aNB